Statistics for 101 Gadgets That Changed the World

Click here to take the quiz!

General Stats

  • This quiz has been taken 291 times
  • The average score is 9 of 101

Answer Stats

Hint When Answer % Correct
Electronic1876Telephone
88%
Audio/Visual1939Television
80%
Home appliance1939Portable air conditioner
65%
Audio/Visual1896Radio
62%
Electronic1967Microwave oven
48%
Home accessory1878Electric light bulb
48%
Electronic1970sPersonal computer
40%
Electronic1983Portable cellphone
37%
Electronic1982Laptop computer
33%
Electronic1979Sony Walkman
31%
Home appliance1919Toaster
27%
Electronic1984CD player
19%
Home appliance1922Blender
18%
Audio/Visual1877Phonograph
16%
Musical instrument1931Electric guitar
16%
Electronic1994DVD player
15%
Home appliance1907Vacuum cleaner
15%
Home appliance1920sHair dryer
14%
Tool/accessory1916Electric drill
14%
Electronic1970sVCR
13%
Electronic1997MP3 player
13%
Audio/Visual1876Microphone
11%
Audio/Visual1990Digital camera
10%
Electronic1989Gameboy
9%
Home appliance1959Electric toothbrush
8%
Home appliance1870Can opener
8%
Electronic1960sComputer mouse
8%
Weapon1825Derringer
7%
Electronic1989Hand-held GPS
7%
Tool/accessory1870sTypewriter
7%
Medical1844Hypodermic syringe
7%
Personal accessory1901Wristwatch
6%
Electronic1970sBoombox
6%
Home appliance1972Drip coffeemaker
6%
Home safety1960sSmoke detector
6%
Tool/accessory1700sChainsaw
5%
Tool/accessory1923Circular saw
5%
Tool/accessory1890Swiss army knife
5%
Home appliance1830Push lawnmower
5%
Sport/Leisure1885Safety bicycle
5%
Home appliance1876Alarm clock
4%
Home appliance1933Sewing machine
4%
Tool/accessory1896Flashlight
4%
Tool/accessory1932Zippo lighter
4%
Electronic1962LED
4%
Personal accessory1898Hearing aid
3%
Tool/accessory1893Zipper
3%
Electronic1800sTape recorder
3%
Tool/accessory1945Ballpoint pen
3%
Audio/Visual1962Cassette tape
3%
Sport/Leisure1952Charcoal grill
3%
Audio/Visual1984Camcorder
3%
Personal accessoryancientSunglasses
3%
ClothingancientBrassiere
2%
Electronic1950TV remote control
2%
Tool/accessory1600sBinoculars
2%
Sport/Leisure1953Picnic cooler
2%
Electronic1949Modem
2%
Electronic2000Flash drive
2%
Tool/accessory1940sDuct tape
2%
Audio/Visual1954Hi-Fi
2%
Electronic1999Blackberry
2%
Audio/Visual1948Instant camera & film
2%
Home safety1800sFire extinguisher
2%
Tool/accessory1851Portable car jack
2%
Electronic2007Kindle e-reader
2%
Electronic1987Digital HDTV
1%
Energy source1886Dry cell battery
1%
Tool/accessory1971Floppy disk
1%
Home appliance1950sLeaf blower
1%
Home accessory1900Brownie point & shoot camera
1%
Tool/accessory1866Stapler
1%
Tool/accessory1880Safety razor
1%
Personal accessory1916Stopwatch
1%
Electronic1957Pocket calculator
1%
Electronic1949CB radio
1%
Tool/accessory1868Spring tape measure
1%
Home appliance2002Roomba
1%
Electronic1988CD-ROM
1%
Food container1800sLunch box
1%
Sport/Leisure1937Quick-release ski binding
0%
Electronic1999Digital Video Recorder
0%
Sport/Leisure1982Super soaker
0%
Sport/Leisure1950sFiberglass fishing rod
0%
Home accessory1954Teflon pan
0%
Tool/accessory1941Aerosol spray can
0%
Electronic2000Wi-Fi router
0%
Tool/accessory1970sGinsu knife
0%
Sport/Leisure1949Spincast fishing reel
0%
Tool/accessory1910Match
0%
Electronic1954Transistor radio
0%
Home accessory1912Electric blanket
0%
Electronic1984Laser printer
0%
Electronic1971Answering machine
0%
Sport/Leisure1916Coleman lantern
0%
Musical instrument1950sMoog synthesizer
0%
Sport/Leisure1909Outboard motor
0%
Tool/accessory1907Crescent wrench
0%
Tool/accessory1983Leatherman (PST)
0%
Audio/Visual1930s8MM camera
0%
Audio/Visual1961Carousel slide projector
0%

Score Distribution

Percentile by Number Answered

Percent of People with Each Score

Your Score History

You have not taken this quiz